000 00735cam a2200193 4500
001 WB3714-49
008 000000n2001 000 0 eng u
035 _a(Sirsi) u111872
245 _aFMD: guidance for growers of crops and grass
260 _c2001
490 _aMAFF Press Release
_v(118/02) 2 April 2001,(6)
520 _aThe MAFF has issued guidance on the precautions to be taken in order to safeguard all types of farming operations in the light of the current foot and mouth crisis. Includes copy of guidance. Also available at http://www.maff.gov.uk.
590 _aWB
650 _aFOOT-AND-MOUTH DISEASE
650 _aARABLE FARMING
650 _aGUIDANCE
690 _aRURAL-AGRICULTURE AND FORESTRY
942 _n0
999 _c66671
_d66671